000
00296nam a22001337a 4500
008
170216b xxu||||| |||| 00| 0 eng d
020
_a
9780071477437
041
_a
eng
080
_2
17TH
_a
61
100
_a
4
101
_a
SHM
245
_a
HARRISON'S MANUAL OF MEDICINE
_c
FAUCI
942
_2
udc
_c
BK
999
_c
5634
_d
5634